000 00807nam a2200229 a 4500
001 000013720
005 20200929163325.0
008 091127s1969 sp 000 f spa d
040 _aDO-SdBNP
_bspa
_cBNPHU
082 _a863.6
_bP438n
100 1 _aPérez de Ayala, Ramón,
_d1880-1962
_915031
245 1 4 _aLas novelas de Urbano y Simona :
_b1.Luna de miel, luna de hiel, 2. Los trabajos de Urbano y Simona /
_cRamón Pérez de Ayala ; nota de presentación de Andrés Amorós.
260 _aMadrid :
_bAlianza,
_c1969.
300 _a341, [5] p. ;
_c18 cm.
490 1 _aLibro de bolsillo
_v177
650 4 _aNovela española
_91123
650 4 _aLiteratura española
_ySIGLO XX
_93326
700 1 _aAmorós, Andrés
_915570
830 3 _aLibro de bolsillo ;
_v177
_94727
910 _aWM
049 _aBNGR
999 _c13333
_d13333